00000000cam 2200000zi 4500
0019.948741
003CaOODSP
00520251223101728
006m     o  d f      
007cr mn ||||||||
008250305t20252025onca    o    f|0| 0 ara d
020 |a9780660761787
040 |aCaOODSP|beng|erda|cCaOODSP
043 |an-cn---
0861 |aH14-619/2025Ara-PDF
24500|a[Measles factsheet].
250 |a[Arabic edition].
264 1|a[Ottawa] : |b[Health Canada = Santé Canada], |c[2025]
264 4|c©2025
300 |a1 online resource (2 unnumbered pages) : |billustrations
336 |atext|btxt|2rdacontent
337 |acomputer|bc|2rdamedia
338 |aonline resource|bcr|2rdacarrier
500 |aCaption title.
500 |aIssued also in English under title: Measles factsheet.
546 |aText in Arabic.
650 0|aMeasles|zCanada.
650 0|aMeasles|xRisk factors|zCanada.
7101 |aCanada. |bHealth Canada, |eissuing body.
77508|tMeasles factsheet.|w(CaOODSP)9.938316
788 |t[Feuillet de renseignements sur la rougeole].|efre|w(CaOODSP)9.954386
85640|qPDF|s367 KB|uhttps://publications.gc.ca/collections/collection_2025/sc-hc/H14-619-2025-ara.pdf
986 |a240920